[Event "Senigallia Perini Memorial 3rd"]
[Site "Senigallia"]
[Date "2009.08.06"]
[Round "6"]
[White "Calavalle, Giulio"]
[Black "Magini, Fabio"]
[Result "1-0"]
[WhiteElo "2228"]
[BlackElo "2005"]
[PlyCount "63"]
[EventDate "2009.08.01"]
[EventType "swiss"]
[EventRounds "9"]
[EventCountry "ITA"]
[SourceTitle "EXT 2010"]
[Source "ChessBase"]
[SourceDate "2010.11.25"]
[SourceVersion "1"]
[SourceVersionDate "2010.11.25"]
[SourceQuality "1"]

1. e4 Nf6 2. Bc4 e5 3. Nc3 Nc6 4. d3 Bb4 5. Bd2 a6 6. Nge2 Na5 7. 0-0 Nxc4 8. dxc4 0-0 9. Bg5 Be7 10. f4 Ng4 11. Qd2 c6 12. h3 Bxg5 13. fxg5 Qb6+ 14. Kh1 Ne3 15. Na4 Nxf1 16. Rxf1 Qc7 17. c5 Rb8 18. c4 b6 19. cxb6 Rxb6 20. Nxb6 Qxb6 21. Ng3 d6 22. b3 Qc5 23. h4 Be6 24. Qe2 a5 25. h5 a4 26. h6 axb3 27. hxg7 Rb8 28. axb3 Rxb3 29. Nh5 Qxc4 30. Qf2 Qc5 31. Qf6 Rb8 32. Qh6 1-0

[Event "Senigallia Perini Memorial 3rd"]
[Site "Senigallia"]
[Date "2009.08.05"]
[Round "5"]
[White "Magini, Fabio"]
[Black "Quattrini, Massimo"]
[Result "1-0"]
[WhiteElo "2005"]
[BlackElo "1904"]
[PlyCount "95"]
[EventDate "2009.08.01"]
[EventType "swiss"]
[EventRounds "9"]
[EventCountry "ITA"]
[SourceTitle "EXT 2010"]
[Source "ChessBase"]
[SourceDate "2010.11.25"]
[SourceVersion "1"]
[SourceVersionDate "2010.11.25"]
[SourceQuality "1"]

1. e4 c5 2. c3 Nf6 3. e5 Nd5 4. d4 cxd4 5. cxd4 Nc6 6. Nf3 d6 7. Bc4 Nb6 8. Bb3 dxe5 9. dxe5 Qxd1+ 10. Bxd1 g6 11. 0-0 Bg7 12. Re1 Nc4 13. Ba4 0-0 14. Bxc6 bxc6 15. b3 Nb6 16. Ba3 Nd5 17. Nbd2 Rd8 18. Rac1 Bb7 19. Ne4 Rac8 20. Nc5 Ba8 21. g3 a5 22. Rc4 Nb6 23. Rc2 e6 24. Ne4 Nd5 25. Nd6 Rc7 26. Bc5 Bh6 27. a3 Bf8 28. Nd4 Bxd6 29. Bxd6 Rcc8 30. Rec1 g5 31. Nxc6 Bxc6 32. Rxc6 Ra8 33. Kg2 Ra7 34. Rc8 Rxc8 35. Rxc8+ Kg7 36. Kf3 Rb7 37. Rb8 Rxb8 38. Bxb8 Kf8 39. Kg4 h6 40. Bd6+ Kg7 41. b4 axb4 42. axb4 Nc3 43. Kh5 Nd5 44. b5 f5 45. Bc5 Nc7 46. b6 Ne8 47. b7 Kh7 48. Bf8 1-0

[Event "Senigallia op 3rd"]
[Site "Senigallia"]
[Date "2008.08.04"]
[Round "3"]
[White "Skrijely, Edin"]
[Black "Magini, Fabio"]
[Result "0-1"]
[WhiteElo "1461"]
[BlackElo "1970"]
[PlyCount "48"]
[EventDate "2008.08.02"]
[EventType "swiss"]
[EventRounds "9"]
[EventCountry "ITA"]
[SourceTitle "EXT 2011"]
[Source "ChessBase"]
[SourceDate "2010.11.26"]
[SourceVersion "1"]
[SourceVersionDate "2010.11.26"]
[SourceQuality "1"]

1. g3 Nf6 2. Bg2 g6 3. b3 Bg7 4. Bb2 d5 5. d3 c6 6. Nd2 0-0 7. e3 Nbd7 8. Ne2 a5 9. 0-0 a4 10. bxa4 Nc5 11. Nf4 Nxa4 12. Be5 Nb6 13. c4 Nbd7 14. Bb2 e6 15. e4 dxe4 16. Nxe4 Nxe4 17. Bxg7 Nxf2 18. Rxf2 Kxg7 19. a4 e5 20. Ne2 Nc5 21. a5 Qxd3 22. Qe1 Qe3 23. Nc3 Qxe1+ 24. Rxe1 Nd3 0-1